| 000 | 00361nam a2200145Ia 4500 | ||
|---|---|---|---|
| 008 | 230917s9999||||xx |||||||||||||| ||und|| | ||
| 040 |
_e54100 _aMAIN |
||
| 041 | _aEnglish | ||
| 082 | _a823.08 N164U | ||
| 100 | _aNarayan, R K | ||
| 245 | 0 | _aUnder the banyan tree: and other stories | |
| 260 |
_aLondon _bHeinemann _c1985 |
||
| 300 | _aix, 193 p. | ||
| 942 | _cBK | ||
| 999 |
_c52867 _d52867 |
||